000 00445nab a2200145Ia 4500
003 ES-SlBCS
005 20210601142716.0
008 140529s2012 xxu||||| |||| 00| 0 spa d
041 _aspa
100 1 _aCastells, Pere
_9123297
245 0 0 _aLas nuevas pasteurizaciones
_c Pere Castells
650 0 4 _aAlimentos
_993830
773 0 _tInvestigacion y Ciencia (Traducción de: Scientific American)
_gnº. 426, 2012, págs. 41
_wRev1650
942 _cAR
999 _c680870
_d680870